Gleanings in Exodus / (Record no. 4198)

MARC details
000 -LEADER
fixed length control field 00451nam a22001697a 4500
003 - CONTROL NUMBER IDENTIFIER
control field GBCCL
005 - DATE AND TIME OF LATEST TRANSACTION
control field 20241126110513.0
008 - FIXED-LENGTH DATA ELEMENTS--GENERAL INFORMATION
fixed length control field 180116b xxu||||| |||| 00| 0 eng d
040 ## - CATALOGING SOURCE
Transcribing agency gbc
082 ## - DEWEY DECIMAL CLASSIFICATION NUMBER
Classification number 222.12061
Item number PIN
100 ## - MAIN ENTRY--PERSONAL NAME
Personal name Pink, Arthur W.
9 (RLIN) 7613
245 ## - TITLE STATEMENT
Title Gleanings in Exodus /
Statement of responsibility, etc. Arthur W. Pink
260 ## - PUBLICATION, DISTRIBUTION, ETC.
Place of publication, distribution, etc. Chicago:
Name of publisher, distributor, etc. Moody Press
300 ## - PHYSICAL DESCRIPTION
Extent 384 p.;
Dimensions 24 cm.
650 ## - SUBJECT ADDED ENTRY--TOPICAL TERM
Topical term or geographic name entry element Bible
Form subdivision Old Testament
-- Exodus
General subdivision Study
9 (RLIN) 7982
942 ## - ADDED ENTRY ELEMENTS (KOHA)
Source of classification or shelving scheme Dewey Decimal Classification
Koha item type Books
Koha issues (borrowed), all copies 8
Holdings
Withdrawn status Lost status Source of classification or shelving scheme Damaged status Not for loan Home library Current Library Shelving location Date acquired Total checkouts Total renewals Full call number Barcode Date last seen Date last checked out Copy number Price effective from Koha item type
    Dewey Decimal Classification     GRACE BIBLE COLLEGE GRACE BIBLE COLLEGE Biblical Studies 2018-01-16 10 2 222.12061 PIN 000163 2026-02-18 2026-02-16 c.1 2018-01-16 Books
© Grace Bible College Library 2025